| 000 | 00606nam a2200241Ia 4500 | ||
|---|---|---|---|
| 003 | OSt | ||
| 005 | 20221007113452.0 | ||
| 006 | a|||||r|||| 00| 0 | ||
| 007 | ta | ||
| 008 | 221006b |||||||| |||| 00| 0 eng d | ||
| 024 | _a31,216 | ||
| 037 | _cTextual | ||
| 040 |
_aLCO _cLCO _beng |
||
| 041 |
_2eng _aeng |
||
| 082 | _aY:45, Q2 | ||
| 100 |
_aDaigle Leah E. _9709055 |
||
| 245 | 0 | _aVictimology | |
| 250 | _aIst | ||
| 260 |
_aNew _bDelhi Sage Publication India _c2012 |
||
| 650 |
_aVICTIMOLOGY _9707668 |
||
| 942 |
_hY:45, Q2 _cTEXL |
||
| 999 |
_c1200779 _d1200779 |
||